Statistics for Video Game Acronyms

Click here to take the quiz!

General Stats

  • This quiz has been taken 89 times
  • The average score is 7 of 10

Answer Stats

Acronym Meaning % Correct
G.T.A.Grand {Theft} {Auto}
99%
C.O.D.{Call} of {Duty}
95%
N.64.{Nintendo} {64}
89%
G.B.C.{GameBoy} Color
85%
N.E.S.Nintendo {Entertainment} {System}
80%
G.B.A.GameBoy {Advanced}
78%
S.N.E.S.{Super} Nintendo {Entertainment} {System}
73%
D.S.Double {Screen}
37%
S.M.G.Super {Mario} {Galaxy}
19%
M.K.T.V.{Mario} {Kart} Television
16%

Score Distribution

Percentile by Number Answered

Percent of People with Each Score

Your Score History

You have not taken this quiz